000 00643nam a22002177a 4500
999 _c20004
_d20004
003 AR-CdUCM
008 190524b ||||| |||| 00| 0 spa d
040 _aMUNICIPALIDAD PROVINCIAL DEL CUSCO
_cBIBLIOTECA MUNICIPAL DEL CUSCO
082 _a928.85 /
_bAL47
100 _aAlva Orlandini, Hernan
_935590
245 _aRicardo Palma /
260 _aLima :
_bAlva,
_c1964.
300 _a160 páginas ;
_c21 cm.
440 _aBiblioteca hombres del Perú
_937520
505 _aContenido : Biografía de Ricardo Palma.
650 _aBiografia
_9437
650 _aObras
_96865
650 _aHistoria
_9136
942 _2ddc
_cLIBROS
945 _arcc